LIBRARY & INFORMATION CENTRE, KCAET, TAVANUR

ONLINE PUBLIC ACCESS CATALOGUE (OPAC)

Concrete structures, Vol.IV / (Record no. 9183)

MARC details
000 -LEADER
fixed length control field 00419cam a2200169ua 4500
003 - CONTROL NUMBER IDENTIFIER
control field OSt
008 - FIXED-LENGTH DATA ELEMENTS--GENERAL INFORMATION
fixed length control field 250628b |||||||| |||| 00| 0 eng d
041 ## - LANGUAGE CODE
Language code of text/sound track or separate title eng
082 ## - DEWEY DECIMAL CLASSIFICATION NUMBER
Classification number 624.1834
Item number VAZ/CO
100 ## - MAIN ENTRY--AUTHOR NAME
Personal name Vazirani, V.N .
245 ## - TITLE STATEMENT
Title Concrete structures, Vol.IV /
250 ## - EDITION STATEMENT
Edition statement 16 /
260 ## - PUBLICATION, DISTRIBUTION, ETC. (IMPRINT)
Place of publication Delhi :
Name of publisher Khanna publishers ,
Year of publication 1995.
300 ## - PHYSICAL DESCRIPTION
Number of Pages 1041 ; .
700 1# - ADDED ENTRY--PERSONAL NAME
Personal name Ratwani, M.M .
942 ## - ADDED ENTRY ELEMENTS (KOHA)
Koha item type Books
Holdings
Withdrawn status Lost status Damaged status Home library Current library Date acquired Full call number Accession Number Koha item type
      KAUAET KAUAET 07/04/2012 624.1834 VAZ/CO 19285 Books
Withdrawn     KAUAET KAUAET 07/04/2012 624.1834 VAZ/CO 19284 Books
free website counter